Statistiques concernant Culture Générale - Série 2461

Cliquez ici pour prendre le quiz!

Statistiques générales

  • Ce quiz a été pris 116 fois
  • Le résultat moyen est 4 sur 10

Statistiques - réponses

QuestionRéponse% Correct
Quelle série de films a fait connaitre Daniel Radcliffe ?Harry Potter
91%
Quelle est est la première femme à avoir reçu un prix Nobel (1903) ? prénom et nomMarie Curie
82%
Quel prix Nobel a été décerné à Bob Dylan en 2016 ?littérature
70%
Dans quel pays se trouve l'ancienne cité maya de Tikal, enfouie au coeur de la jungle ?Guatemala
43%
Employé laïque préposé au service matériel, dans une église - synonyme de sacristainbedeau
22%
Quel duo hippy de la fin des années 1960 et du début des années 1970, s’appelait à l’origine Caesar et Cleo. ? voir photoSonny and Cher
22%
Diplôme universitaire français créé en 1985, préparé en trois ans après deux premières années d'études supérieures validées - 9 lettres commençant par " m " magistère
17%
Comment appelle-t-on le petit de la caille ?cailleteau
10%
Dans quel pays se trouve le lac Biwa ?Japon
8%
Quel instrument est une houka ?pipe
6%

Distribution des résultats

Percentile par nombre de réponses

% des personnes avec chaque résultat

Votre développement - résultats

Vous n’avez pas pris ce quiz